Is This Person From This Country? - Statistics

General Stats
  • This quiz has been taken 52 times
  • The average score is 28 of 36
Answer Stats
Question Tile Select % Correct
South Africa Christopher Columbus No
100%
South Africa George Washington No
98%
South Africa Kim Jong-Un No
98%
South Africa Nelson Mandela Yes
98%
Iran Abraham Lincoln No
94%
United States Abraham Lincoln Yes
94%
Iran Christopher Columbus No
94%
Iran Donald Trump No
94%
United Kingdom Donald Tump No
94%
United States Kim Jong-Un No
94%
United Kingdom Kim Jung-Un No
94%
United States Queen Elizabeth II No
94%
United States Shehbaz Sharif No
94%
United Kingdom Winston Churchill Yes
94%
United States Christopher Columbus No
92%
United States Martin Luther King Jr. Yes
92%
United Kingdom Queen Elizabeth II Yes
92%
United States Rosa Parks Yes
92%
United Kingdom John Lennon Yes
90%
United States Lebron James Yes
88%
United States Micheal Jordan Yes
88%
Iran Ali Khademhosseini Yes
86%
United Kingdom J.K. Rowling Yes
86%
United Kingdom James Joyce No
78%
Iran Mahmoud Ahmadinejad Yes
78%
South Africa Desmond Tutu Yes
76%
United Kingdom Collin Farrell No
73%
United Kingdom Micheal Collins No
73%
South Africa Sam Nujoma No
53%
South Africa Trevor Noah Yes
53%
South Africa Caster Semenya Yes
51%
Iran Barham Salih No
37%
South Africa Brenda Fassie Yes
33%
Iran Cyrus Nowrasteh Yes
25%
Iran Shehbaz Sharif No
24%
Iran Isaac Larian Yes
10%
No matching quizzes found
Score Distribution
Percent of People with Each Score
Percentile by Number Answered
Your Score History
You have not taken this quiz